| 000 | 00759cab a2200241 4500 | ||
|---|---|---|---|
| 001 | WB2928-08 | ||
| 008 | 090401t1993 xxu||||| |||| 00| 0 eng d | ||
| 035 | _a(Sirsi) u76803 | ||
| 041 | _aeng | ||
| 245 | _aRatner`s new jewel | ||
| 260 | _c1993 | ||
| 350 | _a0 | ||
| 490 |
_aFinancial Times _v23 July 1993, 16(1) |
||
| 520 | _aReports on Gerald Ratner`s attempt to convert Tobacco Dock, the failed shopping centre in factory outlet shopping units. | ||
| 650 | _aFACTORY SHOPPING | ||
| 650 | _aLONDON DOCKLANDS | ||
| 650 | _aPROPERTY-COMMERCIAL PROPERTY-RETAIL PROPERTY-RETAIL PROPERTY MARKET | ||
| 650 | _aRETAIL UNITS | ||
| 650 | _aTABACCO DOCK | ||
| 690 | _aPROPERTY-COMMERCIAL PROPERTY-RETAIL PROPERTY | ||
| 942 | _n0 | ||
| 948 | _c04/03/1997 | ||
| 999 |
_c48254 _d48254 |
||